100 Biggest Metro Areas in the USA - Statistics

General Stats
  • This quiz has been taken 199 times
  • The average score is 81 of 100
Answer Stats
Population State Answer % Correct
6,144,050 Georgia Atlanta
99%
7,759,615 Texas Dallas
99%
12,997,353 California Los Angeles
99%
6,091,747 Florida Miami
99%
19,768,458 New York New York City
99%
4,946,145 Arizona Phoenix
99%
3,286,069 California San Diego
99%
4,623,264 California San Francisco
99%
4,011,553 Washington Seattle
99%
9,509,934 Illinois Chicago
98%
2,972,566 Colorado Denver
98%
4,365,205 Michigan Detroit
98%
7,206,841 Texas Houston
98%
6,356,434 D.C Washington D.C
98%
2,352,426 Texas Austin
97%
4,899,932 Massachusetts Boston
97%
6,228,601 Pennsylvania Philadelphia
97%
2,838,327 Maryland Baltimore
96%
3,690,512 Minnesota Minneapolis
96%
3,219,514 Florida Tampa
96%
2,701,046 North Carolina Charlotte
95%
2,075,662 Ohio Cleveland
95%
2,292,476 Nevada Las Vegas
95%
1,441,647 Oklahoma Oklahoma City
95%
2,511,612 Oregon Portland
95%
1,263,061 Utah Salt Lake City
95%
2,259,935 Ohio Cincinnati
94%
2,151,017 Ohio Columbus
94%
2,126,804 Indiana Indianapolis
94%
587,202 Mississippi Jackson
94%
1,336,103 Tennessee Memphis
94%
1,566,487 Wisconsin Milwaukee
94%
2,012,476 Tennessee Nashville
94%
1,261,726 Louisiana New Orleans
94%
2,691,925 Florida Orlando
94%
2,353,538 Pennsylvania Pittsburgh
94%
2,411,428 California Sacramento
94%
2,601,788 Texas San Antonio
94%
1,162,336 New York Buffalo
93%
1,000,890 Hawaii Honolulu
92%
1,637,666 Florida Jacksonville
92%
1,284,566 Kentucky Louisville
92%
1,448,411 North Carolina Raleigh
92%
1,952,185 California San Jose
92%
2,809,299 Missouri St. Louis
92%
2,199,490 Missouri Kansas City
91%
971,637 Nebraska Omaha
91%
1,023,988 Oklahoma Tulsa
91%
1,114,262 Alabama Birmingham
90%
1,324,062 Virginia Richmond
90%
1,803,328 Virginia Virginia Beach
90%
1,211,906 Connecticut Hartford
89%
1,675,774 Rhode Island Providence
89%
1,052,030 Arizona Tucson
89%
899,286 New York Albany
86%
918,259 New Mexico Albuquerque
86%
871,234 Texas El Paso
86%
1,013,581 California Fresno
86%
795,268 Idaho Boise
85%
813,052 South Carolina Charleston
85%
719,146 Iowa Des Moines
85%
750,936 Arkansas Little Rock
85%
871,905 Louisiana Baton Rouge
83%
1,084,973 New York Rochester
83%
762,793 Colorado Colorado Springs
80%
838,250 South Carolina Columbia
79%
1,091,620 Michigan Grand Rapids
78%
4,653,105 California Riverside
78%
683,183 Wisconsin Madison
77%
917,673 California Bakersfield
75%
893,412 Tennessee Knoxville
75%
658,281 New York Syracuse
75%
647,919 Kansas Wichita
75%
644,217 Ohio Toledo
74%
593,466 Washington Spokane
71%
695,305 Massachusetts Springfield
70%
700,015 Ohio Akron
69%
813,516 Ohio Dayton
68%
596,305 Pennsylvania Harrisburg
68%
863,700 Connecticut New Haven
68%
959,768 Connecticut Bridgeport
67%
778,848 North Carolina Greensboro
66%
615,933 Georgia Augusta
63%
681,438 North Carolina Winston-Salem
63%
697,141 Utah Provo
62%
789,410 California Stockton
62%
978,447 Massachusetts Worcester
61%
654,012 North Carolina Durham
57%
880,356 Texas McAllen
56%
940,774 South Carolina Greenville
55%
567,750 Pennsylvania Scranton
53%
706,696 Utah Ogden
49%
865,310 Pennsylvania Allentown
45%
787,976 Florida Cape Coral
43%
616,628 Florida Palm Bay
41%
685,344 Florida Daytona Beach
36%
859,760 Florida Sarasota
35%
753,520 Florida Lakeland
31%
839,784 California Oxnard
29%
701,637 New York Middletown
27%
No matching quizzes found
Score Distribution
Percent of People with Each Score
Percentile by Number Answered
Your Score History
You have not taken this quiz